Movies Quiz

Random Movies or Famous Quiz

Famous Misquoted Movie Lines Quiz Stats

 Plays Quiz Updated Oct 12, 2018

Challenge
Share
Tweet
Embed
Score 0/13 Timer 04:00
0 Plays Today
Misquote Movie % Correct
'Luke, I am your father.'Star Wars: Episode V - The Empire Strikes Back (1980)
99%
'I don't think we're in Kansas anymore, Toto'The Wizard of Oz (1939)
92.8%
'Mirror, mirror on the wall, who is the fairest of them all?'Snow White and the Seven Dwarfs (1937)
87.6%
'Beam me up, Scotty.'Star Trek (Television and Films)
84.3%
'Frankly, Scarlett, I don't give a damn' Gone With the Wind (1939)
77.6%
'If you build it, they will come.'Field of Dreams (1989)
71.2%
'Mrs. Robinson, are you trying to seduce me?'The Graduate (1967)
70.8%
'Play it again, Sam.'Casablanca (1942)
66.4%
'Do you feel lucky, punk?'Dirty Harry (1971)
65.1%
'Greed is good!'Wall Street (1987)
59%
'I'm ready for my close-up, Mr. DeMille.' Sunset Blvd. (1950)
31%
Badges? We don’t need no stinkin’ badges!The Treasure of the Sierra Madre (1948)
21.7%
'Top of the world, Ma!'White Heat (1949)
9.9%

You're not logged in!

Compare scores with friends on all Sporcle quizzes.
OR
Log In

You Might Also Like...

Show Comments

Extras

Top Quizzes Today


Score Distribution

Your Account Isn't Verified!

In order to create a playlist on Sporcle, you need to verify the email address you used during registration. Go to your Sporcle Settings to finish the process.

Report this User

Report this user for behavior that violates our Community Guidelines.

Details: